000
00315nam a2200097 a 4500
005
20200929165038.0
008
100319s1982 000 spa d
245
0
_a
Evaluación clínica nutricional para niños dominicanos a partir de las normales de peso y talla.
260
_a
Santo Domingo,
_c
1982.
999
_c
16724
_d
16724
040
_a
DO-SdBNP